International Financial Management: (Record no. 184162)

MARC details
000 -LEADER
fixed length control field 00682nam a22001937a 4500
005 - DATE AND TIME OF LATEST TRANSACTION
control field 20220113155514.0
010 ## - LCCN (DPL NO)
LC control number ENG-131110
020 ## - INTERNATIONAL STANDARD BOOK NUMBER
International Standard Book Number 978-93-906-8923-1
Terms of availability 799.00
035 ## - SYSTEM CONTROL NUMBER
System control number EN-114642
037 ## - SOURCE OF ACQUISITION
Source of stock number/acquisition DBAD
082 ## - DEWEY DECIMAL CLASSIFICATION NUMBER
Classification number 658.1599
100 ## - MAIN ENTRY--PERSONAL NAME
Personal name Siddaiah, Thummuluri
245 ## - TITLE STATEMENT
Title International Financial Management:
Remainder of title An Analytical Framework/
Statement of responsibility, etc Thummuluri Siddaiah
250 ## - EDITION STATEMENT
Edition statement Third Edition
260 ## - PUBLICATION, DISTRIBUTION, ETC. (IMPRINT)
Place of publication, distribution, etc Uttar Pradesh
Name of publisher, distributor, etc Pearson India Education Services Pvt. Ltd
Date of publication, distribution, etc 2021
270 ## - ADDRESS
City Uttar Pradesh
Address 15th Floor, Tower-B, World Trade Tower, Plot No. 1, Block-C, Sector 16
Postal code 201301
300 ## - PHYSICAL DESCRIPTION
Extent 596p.
Dimensions 28cm(pbk)
Other physical details index
942 ## - ADDED ENTRY ELEMENTS (KOHA)
Source of classification or shelving scheme Dewey Decimal Classification
Item type English Books
Classification part 658.1599
Call number suffix SID
Holdings
Withdrawn status Lost status Not for loan Collection code Home library Current library Date acquired Source of acquisition Cost, normal purchase price Full call number Barcode Copy number Cost, replacement price Koha item type
      Non-fiction Patel Nagar Patel Nagar 13/01/2022 DBAD/PUB 799.00 658.1599 SID EN-114642 1 799.00 English Books

© Delhi Public Library
Hit Counter
free hit counter